The theory of social and economic organization
Uloženo v:
| Hlavní autor: | |
|---|---|
| Médium: | Kniha |
| Jazyk: | angličtina |
| Vydáno: |
Nueva York
The Free Press
1964
|
| Témata: | |
| Tagy: |
Přidat tag
Žádné tagy, Buďte první, kdo vytvoří štítek k tomuto záznamu!
|
MARC
| LEADER | 00000nam a2200000 a 4500 | ||
|---|---|---|---|
| 001 | UCR7597 | ||
| 003 | CL-VaPUC | ||
| 008 | 980519e19640000US |||||||||||||||||eng|d | ||
| 082 | 0 | 4 | |a 330.1 |b WEB |2 21 |
| 100 | 0 | |a Weber, Max |e author |9 314708 | |
| 245 | 1 | 4 | |a The theory of social and economic organization |
| 300 | |a 436 p | ||
| 942 | |c BK | ||
| 945 | |d 19980519 00:00:00 |a crobeson | ||
| 260 | |a Nueva York |b The Free Press |c 1964 | ||
| 650 | 0 | |a Economía |9 255568 | |
| 650 | 0 | |a Teoría económica |9 315055 | |
| 650 | 0 | |a Sociología |9 255410 | |
| 650 | 0 | |a Ciencias sociales |9 256351 | |
| 583 | |a last modification |c 19980519 00:00:00 |k Rodrigo Vera | ||
| 999 | |c 269188 |d 269186 | ||
| 952 | |0 0 |1 0 |4 0 |6 330_100000000000000_WEB_1964 |7 0 |8 A |9 302868 |a BIBENE |b BIBENE |d 2019-11-20 |i 1995529 |o 330.1 WEB 1964 |p 1995529 |r 2025-01-15 |w 2019-11-20 |y BK |k ICO | ||
| 952 | |0 0 |1 0 |4 0 |6 330_100000000000000_WEB_1964 |7 0 |8 A |9 302869 |a BIBHIS |b BIBHIS |d 2019-11-20 |i 4643542 |o 330.1 WEB 1964 |p 4643542 |r 2025-01-20 |w 2019-11-20 |y BK |k HIS | ||